000 00406nam a2200145Ia 4500
008 130318s9999 xx 000 0 und d
020 _a157851181X
082 _a658.406 HAR/H
100 _aHarvard Business Review
245 _aHarvard Business Review on breakthrough thinking
260 _bHarvard Business School Press
_aU.S.A
_c1999
300 _a239
650 _aCHANGE MANAGEMENT
650 _aMANAGEMENT
999 _c612
_d612